000 00334nam a2200133Ia 4500
008 100328s9999 xx 000 0 und d
082 _b73833
100 _aआठल्ये अनिल.
245 _aबाहुल.
260 _bमेघना.
630 _aबाहुल.
730 _aबाहुल.
942 _cBOOK
999 _c559554
_d559551